Výber stratégie riadenia sériového hybridného pohonu mestského autobusu

Uložené v:
Podrobná bibliografia
Hlavný autor: Hanečková, Kristína, 1984- (Autor)
Ďalší autori: Polóni, Marián, 1948- (Vedúci práce)
Médium: Rukopis Kniha
Jazyk:Slovak
Predmet:
On-line prístup:http://is.stuba.sk/zp/portal_zp.pl?podrobnosti=54290
Tagy: Pridať tag
Žiadne tagy, Buďte prvý, kto otaguje tento záznam!

MARC

LEADER 00000ntm a22000003a 4500
001 stuzp23418
003 SK-STU
005 20150617230330.0
007 ta
008 150427s2015----xo-----f-mn---000-0-slo-d
040 |a STU  |b slo 
041 0 |a slo 
100 1 |a Hanečková, Kristína,  |d 1984-  |u 020030  |4 aut  |U SjF Strojnícka fakulta  |T SjF Ústav dopravnej techniky a konštruovania  |X 28240  |U J0030  |Y 806  |7 A000028240 
242 0 1 |a Selection of a control strategy for serial hybrid drive of city bus  |y eng 
245 1 0 |a Výber stratégie riadenia sériového hybridného pohonu mestského autobusu 
650 4 |a hybridný pohon  |2 slo 
650 4 |a stratégia riadenia  |2 slo 
650 4 |a simulačný model  |2 slo 
650 4 |a simulation model  |2 eng 
650 4 |a hybrid electric vehicle  |2 eng 
650 4 |a control strategy  |2 eng 
700 1 |a Polóni, Marián,  |d 1948-  |4 ths  |X 2462  |7 A000002462 
856 4 |u http://is.stuba.sk/zp/portal_zp.pl?podrobnosti=54290 
SQL |a stuzp23418  |b DDZ  |c SLO  |d Výber stratégie riadenia sériového hybridného pohonu mestského autobusu  |e 28240  |f Pavlová, Kristína  |g 020030  |h 2462  |i Polóni, Marián  |j 20140825  |k 65  |l 02  |m http://is.stuba.sk/zp/portal_zp.pl?podrobnosti=54290